Statistics for Countries & Capital Cities Crossword

Click here to take the quiz!

General Stats

  • This quiz has been taken 144 times
  • The average score is 33 of 39

Answer Stats

Answer % Correct
Japan
100%
Greece
100%
Italy
99%
Australia
99%
Sweden
99%
Russia
99%
Argentina
98%
Iceland
98%
Belgium
98%
Algeria
98%
Iran
97%
Romania
97%
Indonesia
96%
Ukraine
95%
Bulgaria
94%
Turkey
94%
Malaysia
94%
New Zealand
93%
Afghanistan
93%
Uruguay
92%
Kenya
90%
Oman
85%
Qatar
84%
Belarus
79%
Minsk
79%
Juba
78%
Armenia
78%
Riga
75%
Rabat
73%
Quito
73%
Ecuador
72%
Madagascar
72%
Latvia
71%
Liberia
71%
Morocco
70%
Peru
68%
Lima
64%
Togo
63%
South Sudan
56%

Score Distribution

Percentile by Number Answered

Percent of People with Each Score

Your Score History

You have not taken this quiz